| 000 | 00741nam a2200289Ia 4500 | ||
|---|---|---|---|
| 008 | 160803s9999 xx 000 0 und d | ||
| 020 | _a0439204348 (pbk.) | ||
| 100 | _aGerver, Jane E. | ||
| 245 | 4 | _aThe big red sled / | |
| 245 | _cby Jane E. Gerver ; illustrated by Priscilla Burris. | ||
| 260 | _aNew York : | ||
| 260 | _bScholastic Inc. | ||
| 260 | _c2001 | ||
| 300 | _aunnumbered pages : | ||
| 300 | _bcolor illustrations ; | ||
| 300 | _c23 cm. | ||
| 440 | _aHello reader! Level 1 | ||
| 500 | _a"Cartwheel Books." | ||
| 650 | _aAnimals -- | ||
| 650 | _aBears -- | ||
| 650 | _aSleds -- | ||
| 650 | _aStories in rhyme. | ||
| 650 | _xFiction. | ||
| 650 | _xFiction. | ||
| 650 | _xFiction. | ||
| 700 | _aBR | ||
| 999 |
_c299668 _d299668 |
||